书目信息 |
| 题名: |
全球最美的伟大建筑
|
|
| 作者: | ;墨刻编辑部 编著 | |
| 分册: | ||
| 出版信息: | 北京 人民邮电出版社 2013.01 |
|
| 页数: | 223页 | |
| 开本: | 24cm | |
| 丛书名: | 梦幻之旅 | |
| 单 册: | ||
| 中图分类: | TU-861 | |
| 科图分类: | ||
| 主题词: | 建筑艺术--世界 , 建筑艺术 | |
| 电子资源: | ||
| ISBN: | 978-7-115-30164-2 | |
| 000 | 00973oam2 2200301 450 | |
| 001 | 010010110080 | |
| 005 | 20130608090219.59 | |
| 010 | @a978-7-115-30164-2@dCNY39.80 | |
| 100 | @a20130128d2013 em y0chiy50 ea | |
| 101 | 0 | @achi |
| 102 | @aCN@b110000 | |
| 105 | @aa z 000yy | |
| 106 | @ar | |
| 200 | 1 | @a全球最美的伟大建筑@9quan qiu zui mei de wei da jian zhu@f墨刻编辑部编著 |
| 205 | @a3版 | |
| 210 | @a北京@c人民邮电出版社@d2013.01 | |
| 215 | @a223页@c图@d24cm | |
| 225 | 2 | @a梦幻之旅 |
| 312 | @a封面英文题名:The World's most beautiful great buildings | |
| 330 | @a本书共分为4个部分,分别从神的指引、王朝的辉煌、帝国的背影、个性的魅力为您讲述全球最美丽的伟大建筑的故事。 | |
| 461 | 0 | @12001 @a梦幻之旅 |
| 510 | 1 | @aWorld's most beautiful great buildings@zeng |
| 606 | 0 | @a建筑艺术@y世界 |
| 606 | 0 | @a建筑艺术 |
| 690 | @aTU-861@v5 | |
| 711 | 02 | @a墨刻编辑部@9mo ke bian ji bu@4编著 |
| 801 | 0 | @aCN@b人天书店@c20130128 |
| 905 | @dTU-861@e108=3 | |
| 全球最美的伟大建筑/墨刻编辑部编著.-3版.-北京:人民邮电出版社,2013.01 |
| 223页:图;24cm.-(梦幻之旅) |
| ISBN 978-7-115-30164-2:CNY39.80 |
| 本书共分为4个部分,分别从神的指引、王朝的辉煌、帝国的背影、个性的魅力为您讲述全球最美丽的伟大建筑的故事。 |
| ● |
| 相关链接 |
|
|
|
|
正题名:全球最美的伟大建筑
索取号:TU-861/108=3
 
预约/预借
| 序号 | 登录号 | 条形码 | 馆藏地/架位号 | 状态 | 备注 |
| 1 | 0543828 | 205438285 | 第二样本阅览室/ [索取号:TU-861/108=3] | 在馆 | |
| 2 | 0543829 | 205438294 | 第三借阅区/ [索取号:TU-861/108=3] | 在馆 | |
| 3 | 0543830 | 205438301 | 第三借阅区/ [索取号:TU-861/108=3] | 在馆 | |
| 4 | 0543831 | 205438310 | 资源管理系资料室/ [索取号:TU-861/108=3] | 在馆 | |
| 5 | 0543832 | 205438329 | 第三借阅区/ [索取号:TU-861/108=3] | 在馆 |